000 00482nam a2200181Ia 4500
001 10426
005 20260306161831.0
008 260306t1993||||xx |||||||||||||| ||spa||
041 _aESP
082 _a928
_bH44
100 _aHernández, Max
_eAUT
245 0 _aMemoria del bien perdido:
_bconflicto, identidad y nostalgia en el Inca Garcilaso de la Vega
260 _c1993
300 _a236 páginas :
_c24 cm.
650 _aGEN
654 _aCHU
942 _cLIB
_dJUS
_fJUS
_2ddc
_n
999 _c10426
_d10426